Normal view
MARC view
- Perris, G. H
Entry Personal Name
001 - CONTROL NUMBER
- control field: 49595
003 - CONTROL NUMBER IDENTIFIER
- control field: NUST
005 - DATE AND TIME OF LATEST TRANSACTION
- control field: 20210314134402.0
008 - FIXED-LENGTH DATA ELEMENTS
- fixed length control field: 210314|| aca||aabn | a|a d
040 ## - CATALOGING SOURCE
- Original cataloging agency: NUST
- Transcribing agency: NUST
100 ## - HEADING--PERSONAL NAME
- Personal name: Perris, G. H
670 ## - SOURCE DATA FOUND
- Source citation: Work cat.: (NUST): Perris, G. H., The battle of the Marne, [1920]
